000 00418nam a2200181Ia 4500
005 20250603145526.0
008 250603s9999 xx 000 0 und d
020 _a0- 8094- 4304- X
050 _aQE 522 .V887/
100 _aLuce, Henry R.
245 0 _aPlanet earth volcano
260 _aVirginia
260 _bTime- Life Books Inc.
260 _c1982
300 _a176 p
650 _aVirginia
942 _cBK
999 _c42113
_d42113